عرض عادي عرض مارك
  • Allan, W. Scott,

مدخل إسم شخص

عدد التسجيلات المستخدمة في: 2

001 - رقم الضبط

  • حقل الضبط: 4003

003 - معرف رقم الضبط

  • حقل الضبط: OSt

005 - تاريخ ووقت أخر عملية

  • حقل الضبط: 20110907071447.0

008 - عناصر بيانات ثابتة الطول

  • حقل تحكم ثابت الطول: 110907|||a|||||| | ||| d

040 ## - مصدر الفهرسة

  • هيئة الفهرسة الأصلية: OSt
  • وكالة الكتابة: OSt

100 ## - مدخل -- أسم شخص

  • إسم شخص: Allan, W. Scott,
  • تواريخ مرتبطة بالاسم: 1958-

670 ## - بيانات المصدر موجوده

  • الاستشهاد بالمصدر: Work cat.: (OSt)0: Kuiper, Koenraad. 4001, An introduction to English language :, 2010.